| 000 | 01517nam a2200241 a 4500 | ||
|---|---|---|---|
| 008 | 110915s2005 ||||||||||||||||| || u | ||
| 020 | _a9781582120805 | ||
| 050 | _aRS 56 Ber | ||
| 100 | _aBerger, Bruce. A | ||
| 245 | 1 | 0 | _aCommunication skills for pharmacists: building relationships, improving patient care.-- 2nd ed. |
| 250 | _a2nd ed. | ||
| 260 |
_aWashington, D. C. _bJobson Publishing _c2005 |
||
| 300 | _aviii, 212p. | ||
| 350 | _a0.00 | ||
| 650 | 0 | _aPHARMACY | |
| 650 | _aPHARMACIST AND PATIENT | ||
| 650 | _aCOMMUNICATION IN PHARMACY | ||
| 995 |
_aMEDICAL LIBRARY OPEN ACCESS _D0.00 _e901060 _FCBU-SCHOOL OF MEDICINE LIBRARY (Ndola) _H1 _I0.00 _jRS 56 Ber _M3 _UAVAILABLE _WOct 11, 2011 _y901060 _ZMedical Library Open Access Collection |
||
| 995 |
_aMEDICAL LIBRARY OPEN ACCESS _D0.00 _e901062 _FCBU-SCHOOL OF MEDICINE LIBRARY (Ndola) _H1 _I0.00 _jRS 56 Ber _M5 _UAVAILABLE _WOct 11, 2011 _y901062 _ZMedical Library Open Access Collection |
||
| 995 |
_aMEDICAL LIBRARY OPEN ACCESS _D0.00 _e901061 _FCBU-SCHOOL OF MEDICINE LIBRARY (Ndola) _H1 _I0.00 _jRS 56 Ber _M4 _UAVAILABLE _WOct 11, 2011 _y901061 _ZMedical Library Open Access Collection |
||
| 995 |
_aMEDICAL LIBRARY OPEN ACCESS _D0.00 _e901059 _FCBU-SCHOOL OF MEDICINE LIBRARY (Ndola) _H1 _I0.00 _jRS 56 Ber _M2 _UAVAILABLE _WOct 11, 2011 _y901059 _ZMedical Library Open Access Collection |
||
| 995 |
_aMEDICAL LIBRARY OPEN ACCESS _D0.00 _e901058 _FCBU-SCHOOL OF MEDICINE LIBRARY (Ndola) _H1 _I0.00 _jRS 56 Ber _M1 _UAVAILABLE _WOct 11, 2011 _y901058 _ZMedical Library Open Access Collection |
||
| 999 |
_c64028 _d64028 |
||